000 00795nam a2200253Ia 4500
003 OSt
005 20221005112412.0
006 a|||||r|||| 00| 0
007 ta
008 221004b |||||||| |||| 00| 0 pan d
020 _c120
024 _a11598
037 _b827, 14/03/2014, H.K. Prakashan
_cTextual
040 _aCRL
_cCRL
_bpan
041 _2pan
_apan
082 _aO153,1NBAx, Q3
100 _aਬੱਲ, ਹਰਜਿੰਦਰ
245 0 _aਚੀਸ
260 _aਸਿਰਸਾ
_bਤਸਵੀਰ ਪ੍ਰਕਾFਨ ਭਾਰਤ
_c2013
300 _a96ਪੰ
_ccm.
650 _aਪੰਜਾਬੀ ਸਾਹਿਤ
942 _hO153,1NBAx, Q3
_cTEXL
_2cc
999 _c1024772
_d1024772